[Event "AUTO-INT-3918"]
[Site "http://www.queenalice.com/game.php?id=1852640"]
[Date "2025.2.22"]
[Round "1"]
[White "Danado"]
[Black "Ruusgugg"]
[Result "1-0"]
[WhiteElo "1677"]
[BlackElo "1310"]

1. e4 c5 2. Bc4 Nc6 3. Nc3 Ne5 4. Be2 d6 5. Nf3 Nxf3+ 6. Bxf3 a6 7. d4 b5 8.
dxc5 b4 9. Na4 f5 10. exf5 Bxf5 11. Bxa8 Qxa8 12. f3 Qc6 13. b3 dxc5 14. Be3 Qe6
15. Qd2 g5 16. Nxc5 Qe5 17. Rd1 a5 18. O-O g4 19. Bd4 Qd5 20. Bxh8 Qxc5+ 21. Kh1
gxf3 22. Rxf3 Kf7 23. c4 Nf6 24. Bxf6 Kxf6 25. Qd5 Qxd5 26. Rxd5 e6 27. Rxa5 h5
28. c5 e5 29. c6 Bd6 30. Ra6 e4 31. Rf1 e3 32. c7 Ke5 33. Rxf5+ Ke6 34. c8=Q+
1-0

[Event "AUTO-INT-3918"]
[Site "http://www.queenalice.com/game.php?id=1852642"]
[Date "2025.2.22"]
[Round "1"]
[White "Danado"]
[Black "SGF"]
[Result "0-1"]
[WhiteElo "1672"]
[BlackElo "1689"]

1. e4 e5 2. Nf3 Qf6 3. Nc3 c6 4. Bc4 b5 5. Bb3 a5 6. a4 b4 7. Ne2 Bc5 8. d3 Be7
9. Be3 d6 10. Ng3 Qg6 11. Qe2 h5 12. O-O-O Bg4 13. h3 Bxf3 14. Qxf3 Nf6 15. Nf5
Nbd7 16. Nxe7 Kxe7 17. Qg3 Qxg3 18. fxg3 Nc5 19. Bxc5 dxc5 20. g4 hxg4 21. Kb1
g3 22. Rdf1 Rh6 23. Rf3 Rg6 24. Rf5 Re8 25. Rxe5+ Kd6 26. Rxe8 Nxe8 27. Bxf7 Rf6
28. Bxe8 Rf2 29. Rg1 g5 30. Bh5 Ke5 31. Bf3 Kd4 32. Kc1 c4 33. dxc4 Kxc4 34. Rd1
b3 35. e5 Rxc2+ 36. Kb1 Kb4 37. Bxc6 Rxc6 38. Rd6 Rc2 39. Rb6+ Kc4 40. Rg6 Rxg2
41. Rc6+ Kd5 42. Rc3 Rf2 43. Rxb3 g2 0-1

[Event "AUTO-INT-3918"]
[Site "http://www.queenalice.com/game.php?id=1852643"]
[Date "2025.2.22"]
[Round "1"]
[White "SGF"]
[Black "Danado"]
[Result "0-1"]
[WhiteElo "1670"]
[BlackElo "1658"]

1. e4 e5 2. Qf3 Nf6 3. d3 Nc6 4. c3 d6 5. Be2 Bg4 6. Qg3 Bxe2 7. Nxe2 Qd7 8. h3
O-O-O 9. Bg5 Be7 10. b4 a6 11. a4 h6 12. Bxf6 Bxf6 13. Qg4 Qxg4 14. hxg4 d5 15.
b5 axb5 16. axb5 Nb8 17. g3 dxe4 18. dxe4 Rd7 19. O-O Rhd8 20. Na3 b6 21. Nc4
Re8 22. f3 Be7 23. f4 exf4 24. Rxf4 Bc5+ 25. Kh2 g5 26. Rf6 Rxe4 27. Nd4 Bxd4
28. cxd4 Rexd4 29. Ne5 Re7 30. Nc6 Nxc6 31. bxc6 Kb8 32. Rxh6 Rd2+ 33. Kh3 Re8
34. Rf6 Rh8+ 35. Rh6 Rxh6# 0-1

[Event "Challenge"]
[Site "http://www.queenalice.com/game.php?id=1853230"]
[Date "2025.3.3"]
[Round "-"]
[White "Danado"]
[Black "Mr_SPOCK"]
[Result "0-1"]
[WhiteElo "1681"]
[BlackElo "1671"]

1. e4 e5 2. Nf3 Nf6 3. Nc3 Bc5 4. h3 Nc6 5. Bc4 O-O 6. Ng5 g6 7. Nxf7 Rxf7 8.
Bxf7+ Kxf7 9. d3 Nd4 10. Be3 Bb4 11. a3 Bd6 12. Bxd4 exd4 13. Ne2 Be5 14. Ng1 c5
15. Nf3 Bf4 16. g3 Bd6 17. e5 Qe8 18. Qe2 Kf8 19. exf6 Qf7 20. Ne5 Qxf6 21. Nc4
Be7 22. O-O-O b5 23. Nd2 Bb7 24. Rh2 b4 25. Nc4 Bd5 26. Ne5 Qd6 27. f4 Re8 28.
axb4 cxb4 29. b3 Bf6 30. Nxg6+ hxg6 31. Qd2 Qc5 32. c4 bxc3 33. Qa2 a5 34. Kc2
Rb8 35. Rb1 Rb4 36. Re2 a4 37. Kc1 g5 38. f5 axb3 39. Qa3 b2+ 40. Rbxb2 cxb2+
41. Kb1 Qc1# 0-1

[Event "AUTO-INT-3908"]
[Site "http://www.queenalice.com/game.php?id=1853311"]
[Date "2025.3.5"]
[Round "2"]
[White "dosoldini"]
[Black "Danado"]
[Result "1/2-1/2"]
[WhiteElo "1595"]
[BlackElo "1676"]

1. e4 e5 2. Nf3 Nc6 3. Bc4 h6 4. O-O d6 5. Nc3 Nf6 6. h3 Be6 7. Be2 d5 8. d3
dxe4 9. dxe4 Qxd1 10. Nxd1 Bc5 11. Nc3 O-O-O 12. g4 Nh7 13. Nh2 Ng5 14. Nf3
Nxh3+ 15. Kg2 Nf4+ 16. Bxf4 exf4 17. a3 Nd4 18. b4 Nxe2 19. Nxe2 Bd6 20. Nfd4
Bxg4 21. f3 Bh5 22. Nf5 Be5 23. Ne7+ Kb8 24. Ra2 g6 25. Nd5 g5 26. Nc1 Rhe8 27.
Rh1 Bg6 28. Nd3 Bg7 29. Re1 h5 30. c4 g4 31. N3xf4 gxf3+ 32. Kxf3 Bh6 33. Nxg6
fxg6 34. Rae2 g5 35. Nf6 g4+ 36. Kg3 Rf8 37. Nxh5 Rg8 38. e5 Rgf8 39. Kxg4 Rd3
40. Re4 Kc8 41. a4 Rff3 42. e6 Kd8 43. Rh1 Ke7 44. Rh4 Rf1 45. Ng3 Rf6 46. Rxh6
Rxg3+ 47. Kxg3 Rxh6 48. Kg4 Rxe6 49. Rxe6+ Kxe6 50. Kf4 b6 51. Ke4 c6 52. Kd4
Kd6 53. c5+ Ke6 54. b5 Kd7 55. Kc4 cxb5+ 56. Kb4 a5+ 57. Kc3 Kc6 58. cxb6 b4+
59. Kb3 Kxb6 60. Kb2 1/2-1/2

[Event "AUTO-INT-3908"]
[Site "http://www.queenalice.com/game.php?id=1853312"]
[Date "2025.3.5"]
[Round "2"]
[White "Danado"]
[Black "dosoldini"]
[Result "1-0"]
[WhiteElo "1665"]
[BlackElo "1611"]

1. e4 e5 2. Bc4 Qh4 3. Nc3 Qe7 4. Nf3 Qc5 5. d3 Nc6 6. Ng5 Nd8 7. Be3 Qb4 8. Rb1
Ne6 9. Bxe6 dxe6 10. a3 Qe7 11. Nf3 f6 12. Nb5 c6 13. Nc3 h6 14. d4 Qd8 15. dxe5
Bd7 16. O-O f5 17. exf5 exf5 18. Na4 g5 19. Nc5 Bxc5 20. Bxc5 Qc7 21. Qd4 b6 22.
e6 O-O-O 23. exd7+ Kb7 24. Qxh8 1-0

[Event "Challenge"]
[Site "http://www.queenalice.com/game.php?id=1853918"]
[Date "2025.3.15"]
[Round "-"]
[White "Mr_SPOCK"]
[Black "Danado"]
[Result "1-0"]
[WhiteElo "1703"]
[BlackElo "1660"]

1. e4 e5 2. Qh5 d6 3. Bc4 g6 4. Qf3 Nf6 5. d3 Nc6 6. Bg5 Be7 7. Nc3 Nd4 8. Qd1
h6 9. Be3 Bg4 10. f3 Be6 11. Bxd4 exd4 12. Nce2 Bxc4 13. dxc4 c5 14. Qd3 Qb6 15.
O-O-O O-O-O 16. b3 Rd7 17. Kb2 Rc7 18. Nf4 g5 19. Nfe2 Nh5 20. g4 Nf4 21. Nxf4
gxf4 22. h4 Rc6 23. Nh3 Bxh4 24. e5 dxe5 25. Qf5+ Kd8 26. g5 Bxg5 27. Nxg5 Rf8
28. c3 hxg5 29. Rh7 Rd6 30. Qxg5+ Kc8 31. cxd4 f6 32. Qh6 Rfd8 33. d5 f5 34. Qg5
Rf6 35. Rdh1 Rff8 36. R1h6 Rd6 37. Rh8 Rfd8 38. Qxf5+ Kb8 39. Qxe5 Rxh8 40.
Rxh8+ Kc7 41. Qxf4 1-0

[Event "AUTO-INT-3923"]
[Site "http://www.queenalice.com/game.php?id=1854061"]
[Date "2025.3.17"]
[Round "1"]
[White "Danado"]
[Black "mestre62"]
[Result "0-1"]
[WhiteElo "1669"]
[BlackElo "1432"]

1. e4 e5 2. Nf3 Bd6 3. Nc3 Qe7 4. Bc4 c6 5. d3 Bb4 6. Bd2 Nf6 7. Ng5 O-O 8.
Bxf7+ Kh8 9. Bb3 h6 10. Nf3 Ng4 11. a3 Qc5 12. Qe2 Bxc3 13. bxc3 b5 14. h3 Nf6
15. d4 exd4 16. Nxd4 Ba6 17. Nf3 b4 18. cxb4 Bxe2 19. bxc5 Bxf3 20. gxf3 Na6 21.
Be3 Nh5 22. Rg1 Rxf3 23. Rg5 Rxh3 24. O-O-O Nf6 25. Rgg1 g5 26. Bd4 Kg7 27.
Bxf6+ Kxf6 28. Rxd7 Nxc5 29. Rd6+ Ke5 30. Rxc6 Nxb3+ 31. Kd1 Nd4 32. Rc4 Rd8 33.
Re1 Nf3+ 34. Ke2 Nd4+ 35. Kf1 Rh1+ 36. Kg2 Rh4 37. Rc5+ Kf4 38. e5 Ne6 39. Rc4+
Kf5 40. Kg3 Nd4 41. c3 Nc2 42. Rxh4 gxh4+ 43. Kxh4 Nxe1 0-1

[Event "AUTO-INT-3923"]
[Site "http://www.queenalice.com/game.php?id=1854066"]
[Date "2025.3.17"]
[Round "1"]
[White "DAN1958"]
[Black "Danado"]
[Result "1-0"]
[WhiteElo "1519"]
[BlackElo "1683"]

1. e4 e5 2. d4 d6 3. d5 Nf6 4. f3 Bd7 5. b3 c6 6. c4 cxd5 7. cxd5 Na6 8. a3 Rc8
9. Bd2 Qb6 10. b4 Bb5 11. Bxb5+ Qxb5 12. Qe2 Qxe2+ 13. Nxe2 Be7 14. Nbc3 O-O 15.
Rc1 Nc7 16. O-O h6 17. g4 a6 18. Ng3 Nb5 19. a4 Nd4 20. a5 Nb5 21. Nxb5 Rxc1 22.
Bxc1 axb5 23. Be3 Bd8 24. Nf5 Ne8 25. Rc1 Bg5 26. Bxg5 hxg5 27. Ne3 Nc7 28. Rxc7
Rb8 29. Nf5 Kf8 30. Nxd6 f6 31. Nxb5 Kg8 32. Nd6 b6 33. a6 Kf8 34. b5 1-0

[Event "Challenge"]
[Site "http://www.queenalice.com/game.php?id=1854746"]
[Date "2025.3.31"]
[Round "-"]
[White "Danado"]
[Black "Mr_SPOCK"]
[Result "0-1"]
[WhiteElo "1644"]
[BlackElo "1712"]

1. e3 e5 2. Qf3 Nf6 3. Nc3 d5 4. h3 e4 5. Qe2 Nc6 6. d3 d4 7. Nxe4 Bb4+ 8. c3
dxc3 9. Nxc3 O-O 10. a3 Bc5 11. Nf3 Re8 12. d4 Bxd4 13. Bd2 Bf5 14. Nxd4 Nxd4
15. Qd1 Nc2+ 16. Ke2 Nxa1 17. Qxa1 Qd3+ 18. Ke1 Qd6 19. Qd1 c5 20. Bb5 Bd3 21.
Bxe8 Rxe8 22. Nb5 Bxb5 23. Bc3 Qf4 24. Bd2 Bd3 25. Qf3 Qc4 26. Kd1 Qc2+ 27. Ke1
Ne4 28. Qd1 Qxb2 29. Qc1 Qe5 30. g3 c4 31. f4 Qh5 32. Qd1 Qd5 33. Rg1 c3 34. Qa4
cxd2+ 0-1